Movies with a City in the Title #2 - Statistics

General Stats
  • This quiz has been taken 29 times
  • The average score is 6 of 15
Answer Stats
description MOVIE NAME extra hint % Correct
A café based love triangle of expats in North Africa, in times before people saw color. Casablanca Ingrid Bergman 1942
79%
A little boy pimps his insomniac daddy via a radio show. Sleepless in Seattle Tom Hanks 1993
71%
16-year-old boy's father dies. Depressed uncle has to return to his childhood town by the sea, to look after the boy. Manchester by the Sea Casey Affleck 2016
68%
Two murderesses battle for publicity, attention and survival in 1920s gangster capital. Chicago Renée Zellweger 2002
64%
Pregnant sheriff ruins a scheme by a financially troubled car dealer and his 'help'. Fargo Coen brothers 1996
61%
Crockett and Tubbs deal with crimes and drama in Florida in a TV to movie let down. Miami Vice Jamie Foxx 2006
61%
Ricky Bobby is the king of NASCAR, but then... A French Formula One driver arrives. Talladega Nights Will Ferrell 2006
50%
The crew of a B-17 based not quite in Tennessee prepares for its last bombing mission over Germany before returning home. Memphis Belle Matthew Modine 1990
32%
Zombie apocalypse alters a regular train ride south and now it is a battle for survival. Can the father save the daughter? Train to Busan Yeon Sang-ho 2016
32%
Two men rival for the affections of a beautiful singer in an earthquake prone city, after which the movie is named. San Francisco Clark Gable 1936
25%
An American expat widower has a fierce anonymous boink and then some with young Jeanne. Last Tango in Paris Marlon Brando 1972
18%
Hitman takes a gig in a hilariously named city in Asia and breaks his rules, thus becoming a target. Bangkok Dangerous Nicholas Cage 2008
14%
An aging Swiss professor has a chance meeting with a Portuguese woman. He quits his job and hits the rails. Night Train to Lisbon Jeremy Irons 2013
11%
An aging shoe shiner takes pity on an African refugee boy arriving in France. Le Havre Kaurismäki 2011
7%
Americans went down there with their Black Hawk. This movie is about Koreans attempting to flee the place. Escape from Mogadishu Kim Yoon-seok 2021
7%
No matching quizzes found
Score Distribution
Percent of People with Each Score
Percentile by Number Answered
Your Score History
You have not taken this quiz